| 000 | 00679cab a2200229 4500 | ||
|---|---|---|---|
| 001 | ABS57200 | ||
| 008 | 090401t1997 xxu||||| |||| 00| 0 eng d | ||
| 035 | _a(Sirsi) u79211 | ||
| 041 | _aeng | ||
| 100 | _aChampion, R. | ||
| 245 | _aSurveyors need to open the windows onto a wider world | ||
| 260 | _c1997 | ||
| 350 | _a0 | ||
| 490 |
_aProperty Week _v20 June 1997, 18(1) |
||
| 520 | _aDiscusses the role of globalisation in the surveying industry. | ||
| 650 | _aABOUT RICS-RICS MEMBERS | ||
| 650 | _aGLOBALISATION | ||
| 650 | _aJONES LANG WOOTTON ESSAY PRIZE | ||
| 690 | _aMANAGEMENT-BUSINESS MANAGEMENT-PROFESSIONAL PRACTICE | ||
| 942 | _n0 | ||
| 948 | _c25/06/1997 | ||
| 999 |
_c49798 _d49798 |
||